Statistiche per Trasferimenti più costosi - Portogallo

Clicka qui per fare il quiz!

Statistiche generali

  • Questo quiz è stato fatto 45 volte
  • Il punteggio medio è 13 su 20

Statistiche sulle risposte

Costo (M €)DaAAnnoCalciatore% Corretto
117Real MadridJuventus2018Cristiano Ronaldo
97%
94Manchester UnitedReal Madrid2009Cristiano Ronaldo
97%
127,20BenficaAtletico Madrid2019João Félix
97%
60BarcellonaReal Madrid2000Luís Figo
97%
65JuventusManchester City2019João Cancelo
92%
40,40ValenciaJuventus2018João Cancelo
92%
63Sporting LisbonaManchester United2020Bruno Fernandes
87%
50MonacoManchester City2017Bernardo Silva
79%
44,78Sporting LisbonaInter2016João Mário
72%
71,60BenficaManchester City2020Rúben Dias
67%
41,32FiorentinaMilan2001Rui Costa
59%
44,70WolverhamptonLiverpool2020Diogo Jota
56%
38PortoMilan2017André Silva
51%
41,50PortoParis-Saint Germain2022Vitinha
51%
40Paris-Saint GermainValencia2018Gonçalo Guedes
38%
38Sporting LisbonaParis-Saint Germain2022Nuno Mendes
38%
35,70BenficaBarcellona2017Nélson Semedo
33%
45Sporting LisbonaWolverhampton2022Matheus Nunes
31%
37ValenciaBarcellona2016André Gomes
28%
40PortoWolverhampton2020Fábio Silva
21%

Distribuzione punteggi

Percentile per numero di risposta

Percentuale di utenti per punteggio

I tuoi punteggi nel tempo

Non hai fatto questo quiz